[Event "Open Loire 2011-2012"]
[Site "LOIRE"]
[Date "2011.11.05"]
[Round "1.1"]
[White "Martin, Julien"]
[Black "Frey, Thierry"]
[Result "0-1"]
[WhiteElo "1490"]
[BlackElo "1860"]
[PlyCount "64"]
[EventDate "2011.??.??"]

1. e4 c5 2. Nf3 d6 3. Nc3 Nf6 4. d4 cxd4 5. Nxd4 a6 6. Bd3 Nc6 7. Nxc6 bxc6 8.
O-O e5 9. Bg5 Be7 10. Be2 O-O 11. a3 Be6 12. Bxf6 Bxf6 13. Bg4 Qd7 14. Bxe6
Qxe6 15. Ne2 d5 16. exd5 cxd5 17. c3 Rab8 18. b4 Rfc8 19. Qb3 Qg4 20. f3 Qc4
21. Qxc4 Rxc4 22. Rfd1 d4 23. cxd4 exd4 24. Nf4 d3 25. Ra2 Rxf4 26. Rxd3 Rc4
27. Rd1 Rbc8 28. Re2 Kf8 29. Kf1 Rc1 30. Ree1 Rxd1 31. Rxd1 Rc3 32. Ra1 Rxf3+
0-1

[Event "Open Loire 2011-2012"]
[Site "LOIRE"]
[Date "2011.11.05"]
[Round "1.2"]
[White "Buisine, Roman"]
[Black "Volay, Pascal"]
[Result "1-0"]
[WhiteElo "1693"]
[BlackElo "1460"]
[PlyCount "69"]
[EventDate "2011.??.??"]

1. e4 e6 2. d4 d5 3. e5 c5 4. c3 Nc6 5. Nf3 Qb6 6. a3 cxd4 7. cxd4 Nge7 8. Bd3
Bd7 9. Bd2 g6 10. Nc3 Bg7 11. O-O O-O 12. b4 a6 13. Be3 Qd8 14. Qd2 b5 15. Bh6
Bc8 16. Bxg7 Kxg7 17. Rfe1 Nf5 18. Bxf5 exf5 19. Rac1 Ne7 20. Re3 Be6 21. Ne1
Rc8 22. Nd3 Nc6 23. Nc5 Ra8 24. Ne2 Qe7 25. Rh3 h5 26. Nf4 Rg8 27. Ncxe6+ fxe6
28. Rxc6 Kf7 29. Rxe6 Qxe6 30. Nxe6 Kxe6 31. Rc3 Rac8 32. Rc5 Rxc5 33. bxc5 Rc8
34. Qa5 Rc6 35. Qd8 1-0

[Event "Open Loire 2011-2012"]
[Site "LOIRE"]
[Date "2011.11.05"]
[Round "1.3"]
[White "Richard, Nicolas"]
[Black "Mazet, Christian"]
[Result "0-1"]
[WhiteElo "1450"]
[BlackElo "1630"]
[PlyCount "60"]
[EventDate "2011.??.??"]

1. e4 c5 2. Nf3 d6 3. d4 cxd4 4. Nxd4 Nf6 5. Nc3 a6 6. Be3 g6 7. Bd3 Bg7 8. Qd2
Ng4 9. h3 Nxe3 10. Qxe3 Qb6 11. Nd5 Qd8 12. b3 e6 13. Nc3 O-O 14. O-O-O b5 15.
Nce2 Qa5 16. a4 bxa4 17. bxa4 Qxa4 18. Nc3 Qxd4 19. Qxd4 Bxd4 20. Ne2 Bc5 21.
g3 Nc6 22. f4 Rb8 23. Kd2 Nb4 24. Bc4 Bb7 25. Rhf1 Bxe4 26. c3 Nc2 27. Rc1 Be3+
28. Kd1 Bxc1 29. Nxc1 Ne3+ 30. Ke1 Nxc4 0-1

[Event "Open Loire 2011-2012"]
[Site "LOIRE"]
[Date "2011.11.05"]
[Round "1.4"]
[White "Schlick, Paul"]
[Black "Benakila, Samir"]
[Result "0-1"]
[WhiteElo "1620"]
[BlackElo "1440"]
[PlyCount "46"]
[EventDate "2011.??.??"]

1. d4 Nf6 2. Nf3 g6 3. c4 Bg7 4. Nc3 d5 5. Bf4 c6 6. e3 O-O 7. c5 Qa5 8. Bd3
Ne4 9. Bxe4 dxe4 10. Ne5 Be6 11. Qe2 Qa6 12. f3 f6 13. Ng4 Bc4 14. Qd2 g5 15.
Bxb8 Raxb8 16. fxe4 f5 17. exf5 Rxf5 18. Nf2 Rbf8 19. Nce4 Bd5 20. a3 Bxe4 21.
O-O-O Qc4+ 22. Qc3 Qxc3+ 23. bxc3 Rxf2 0-1

[Event "Open Loire 2011-2012"]
[Site "LOIRE"]
[Date "2011.11.05"]
[Round "1.5"]
[White "Jandeau, Cyril"]
[Black "Doran, Niall"]
[Result "1-0"]
[WhiteElo "1440"]
[BlackElo "1611"]
[PlyCount "67"]
[EventDate "2011.??.??"]

1. e4 e6 2. d4 d5 3. e5 c5 4. c3 Qb6 5. Nf3 Nc6 6. b3 cxd4 7. Nxd4 Nxe5 8. Be3
Bd7 9. f4 Ng6 10. Qd2 Rc8 11. b4 Nf6 12. Nb5 Qd8 13. Bxa7 Bc6 14. Qd4 Nd7 15.
a4 Be7 16. Qxg7 Bf6 17. Nd6+ Ke7 18. Nxc8+ Qxc8 19. Qh6 b6 20. a5 Qc7 21. axb6
Nxb6 22. Ra6 Nc4 23. Bc5+ Ke8 24. b5 Bxb5 25. Ra8+ Kd7 26. Ra7 Qxa7 27. Bxa7
Ra8 28. Bd4 Bxd4 29. cxd4 Ra1 30. Bd3 Kd6 31. f5 exf5 32. O-O Ra2 33. Nc3 Ba6
34. Nxa2 1-0

[Event "Open Loire 2011-2012"]
[Site "LOIRE"]
[Date "2011.11.05"]
[Round "1.6"]
[White "Carteron, Olivier"]
[Black "Trottet, Francois"]
[Result "1-0"]
[WhiteElo "1600"]
[BlackElo "1440"]
[PlyCount "75"]
[EventDate "2011.??.??"]

1. d4 Nf6 2. Nf3 e6 3. Bg5 d5 4. e3 Nbd7 5. c4 Be7 6. Nc3 c6 7. cxd5 cxd5 8.
Bd3 h6 9. Bh4 a6 10. O-O O-O 11. Bg3 Nh5 12. Be5 Nhf6 13. Qb3 b5 14. a4 b4 15.
Ne2 Ng4 16. Bg3 a5 17. h3 Ngf6 18. Rac1 Ba6 19. Bxa6 Rxa6 20. Rc7 Nb6 21. Rc6
Ne4 22. Bc7 Qa8 23. Rxb6 Ra7 24. Bh2 Bd8 25. Rb5 Bc7 26. Bxc7 Rxc7 27. Rc1
Rxc1+ 28. Nxc1 Rc8 29. Nd3 Nd6 30. Rc5 Rb8 31. Nd2 Qa6 32. Qc2 g6 33. Rc6 Rb6
34. Rxb6 Qxb6 35. Qc5 Qa6 36. Qc2 Nc4 37. Nc5 Qb6 38. Nxc4 1-0

[Event "Open Loire 2011-2012"]
[Site "LOIRE"]
[Date "2011.11.05"]
[Round "1.7"]
[White "Rogues, Jean-Luc"]
[Black "Joly, Christian"]
[Result "0-1"]
[WhiteElo "1430"]
[BlackElo "1580"]
[PlyCount "40"]
[EventDate "2011.??.??"]

1. d4 Nf6 2. c4 c5 3. d5 b5 4. e3 bxc4 5. Bxc4 d6 6. Nc3 g6 7. Nge2 Bg7 8. O-O
Nbd7 9. e4 O-O 10. Be3 Nb6 11. Bd3 a5 12. Qd2 Ng4 13. b3 Nxe3 14. Qxe3 Bg4 15.
f3 Bd7 16. Rac1 Rb8 17. f4 Bg4 18. f5 Bxe2 19. Nxe2 Nd7 20. Ng3 Bd4 0-1

[Event "Open Loire 2011-2012"]
[Site "LOIRE"]
[Date "2011.11.05"]
[Round "1.8"]
[White "Liogier, Pascal"]
[Black "Bournez, Gerard"]
[Result "1-0"]
[WhiteElo "1580"]
[BlackElo "1420"]
[PlyCount "55"]
[EventDate "2011.??.??"]

1. Nf3 Nf6 2. c4 Nc6 3. Nc3 e6 4. d4 d5 5. Bg5 dxc4 6. e3 Be7 7. Bxc4 Bd7 8.
O-O a6 9. Bxf6 Bxf6 10. Ne4 h6 11. a3 O-O 12. Qc2 Re8 13. Rac1 Rc8 14. h3 Na5
15. Ba2 Nc6 16. Rfd1 b6 17. Nh2 b5 18. Ng4 Kf8 19. Nexf6 gxf6 20. Qh7 Ke7 21.
Qxh6 Rh8 22. Qxf6+ Kd6 23. Qf4+ Ke7 24. d5 Na7 25. dxe6 fxe6 26. Qf6+ Ke8 27.
Qxh8+ Ke7 28. Qg7+ 1-0

[Event "Open Loire 2011-2012"]
[Site "LOIRE"]
[Date "2011.11.05"]
[Round "1.9"]
[White "Rasle, Corentin"]
[Black "Boeuf, Jeremy"]
[Result "1/2-1/2"]
[WhiteElo "1400"]
[BlackElo "1578"]
[PlyCount "58"]
[EventDate "2011.??.??"]

1. d4 Nf6 2. c4 c5 3. d5 b5 4. cxb5 a6 5. bxa6 Bxa6 6. g3 g6 7. Bg2 d6 8. Nf3
Bg7 9. O-O O-O 10. Re1 Nbd7 11. e4 Nb6 12. Nc3 Nfd7 13. Bf4 Nc4 14. Qc2 Nde5
15. Nxe5 Nxe5 16. Bxe5 Bxe5 17. f4 Bd4+ 18. Kh1 Qb6 19. Rab1 Rfb8 20. b3 Qa5
21. Ne2 Bxe2 22. Rxe2 Qc3 23. Qd1 Rb6 24. Rd2 Rba6 25. a4 Rb6 26. Rd3 Qb4 27.
Qc2 Rxa4 28. Bf1 Ra1 29. Rdd1 Rxb1 1/2-1/2

[Event "Open Loire 2011-2012"]
[Site "LOIRE"]
[Date "2011.11.05"]
[Round "1.10"]
[White "Libiszewski, Christian"]
[Black "Barrandon, Georges"]
[Result "1-0"]
[WhiteElo "1570"]
[BlackElo "1370"]
[PlyCount "82"]
[EventDate "2011.??.??"]

1. e4 e5 2. Nf3 Nc6 3. Bc4 Nf6 4. d3 Bc5 5. O-O O-O 6. c3 d6 7. Bg5 a6 8. a4
Qe7 9. h3 Be6 10. Nbd2 Na5 11. Bxe6 Qxe6 12. b4 Bxb4 13. cxb4 Nc6 14. Qb3 h6
15. Qxe6 fxe6 16. Be3 Nxb4 17. d4 exd4 18. Nxd4 e5 19. Ne2 c5 20. f3 Nc2 21.
Rab1 Nxe3 22. Rbc1 d5 23. Kf2 d4 24. Rxc5 Rac8 25. Rxe5 Nc4 26. Nxc4 Rxc4 27.
Rd1 Rd8 28. Re7 d3 29. Nf4 d2 30. Rxb7 Rc1 31. Ke2 Rxd1 32. Kxd1 Kh7 33. Rb2
Rd4 34. Ra2 Nd7 35. Rxd2 Rxd2+ 36. Kxd2 Nc5 37. Kc3 Nxa4+ 38. Kb4 Nb2 39. Nd5
Nd3+ 40. Ka5 Ne5 41. Ne3 Kg6 1-0

[Event "Open Loire 2011-2012"]
[Site "LOIRE"]
[Date "2011.11.05"]
[Round "1.11"]
[White "Brachet, Gerard"]
[Black "Moleins, Jean-Pierre"]
[Result "0-1"]
[WhiteElo "1350"]
[BlackElo "1570"]
[PlyCount "48"]
[EventDate "2011.??.??"]

1. d4 d5 2. Nf3 Nc6 3. e3 Nf6 4. c4 dxc4 5. Bxc4 e6 6. a3 Bd6 7. O-O O-O 8. Nc3
Na5 9. Ba2 b6 10. b4 Nb7 11. Qd3 a5 12. Nb5 axb4 13. Nxd6 Nxd6 14. axb4 Ba6 15.
Qc2 Bxf1 16. Kxf1 Nde4 17. Bb2 Qd6 18. Bc3 Qc6 19. Bb1 Qxc3 20. Rxa8 Rxa8 21.
Qxc3 Nxc3 22. Bc2 Ra1+ 23. Ne1 Nfd5 24. e4 Nxb4 0-1

[Event "Open Loire 2011-2012"]
[Site "LOIRE"]
[Date "2011.11.05"]
[Round "1.12"]
[White "Desassis, Jean-Francois"]
[Black "Mialon, Franck"]
[Result "0-1"]
[WhiteElo "1550"]
[BlackElo "1320"]
[PlyCount "70"]
[EventDate "2011.??.??"]

1. c4 f5 2. Nc3 e6 3. g3 Nf6 4. Bg2 c6 5. Nf3 d5 6. cxd5 cxd5 7. O-O Be7 8. a3
O-O 9. b4 a6 10. Bb2 Ne4 11. Nxe4 fxe4 12. Nd4 Bf6 13. Rb1 Nd7 14. e3 Ne5 15.
Qh5 Nf3+ 16. Bxf3 exf3 17. Nxf3 b5 18. Nd4 Bd7 19. Rfc1 Bxd4 20. Bxd4 Rf5 21.
Qe2 e5 22. Ba1 Qf6 23. f4 Qg6 24. Bxe5 Rh5 25. Rc7 Qxb1+ 26. Kf2 Rxh2+ 27. Kf3
Rxe2 28. Rxd7 Qf1+ 29. Kg4 Rxd2 30. Rxg7+ Kf8 31. Rxh7 Qe2+ 32. Kg5 Qxe3 33.
Rh8+ Kf7 34. Rxa8 Qxg3+ 35. Kf5 Qg6# 0-1

[Event "Open Loire 2011-2012"]
[Site "LOIRE"]
[Date "2011.11.05"]
[Round "1.13"]
[White "Daillere, Roland"]
[Black "Allabrune, Guillaume"]
[Result "0-1"]
[WhiteElo "1240"]
[BlackElo "1520"]
[PlyCount "34"]
[EventDate "2011.??.??"]

1. e4 e5 2. Nf3 Nc6 3. Bc4 Nf6 4. Nc3 Bc5 5. O-O d6 6. d3 Bg4 7. Bg5 Nd4 8. Nd5
c6 9. Ne3 Bxf3 10. gxf3 h6 11. Bh4 Qd7 12. Kg2 Nh5 13. Bg3 O-O-O 14. c3 Ne6 15.
Qd2 Nef4+ 16. Bxf4 Nxf4+ 17. Kg3 Qh3# 0-1

[Event "Open Loire 2011-2012"]
[Site "LOIRE"]
[Date "2011.11.05"]
[Round "1.14"]
[White "Buisson, Sebastien"]
[Black "Acikgoz, Tuncay"]
[Result "1-0"]
[WhiteElo "1520"]
[BlackElo "1199"]
[PlyCount "57"]
[EventDate "2011.??.??"]

1. e4 e5 2. Nf3 Nc6 3. Bb5 Nge7 4. O-O d6 5. d4 a6 6. Ba4 b5 7. Bb3 exd4 8.
Nxd4 Nxd4 9. Qxd4 Nc6 10. Qd5 Qd7 11. c3 Rb8 12. Bg5 Ne5 13. Na3 c6 14. Qd2 Be7
15. Rad1 h6 16. Bxe7 Qxe7 17. Qxd6 Qxd6 18. Rxd6 O-O 19. Rfd1 b4 20. Nc4 Nxc4
21. Bxc4 bxc3 22. bxc3 Bb7 23. Rd7 Bc8 24. Ra7 Re8 25. Bxf7+ Kf8 26. Bxe8 Kxe8
27. Rxg7 Be6 28. Rh7 Bxa2 29. Rh8+ 1-0

[Event "Open Loire 2011-2012"]
[Site "LOIRE"]
[Date "2011.11.05"]
[Round "1.15"]
[White "Niceto, Pierrick"]
[Black "Megnot, Philippe"]
[Result "0-1"]
[WhiteElo "1199"]
[BlackElo "1500"]
[PlyCount "98"]
[EventDate "2011.??.??"]

1. e4 c5 2. Bb5 a6 3. Bc4 Nc6 4. Nf3 d6 5. O-O Bg4 6. d3 h6 7. Nc3 e6 8. Bf4
Nge7 9. Qe1 Ng6 10. e5 Nxf4 11. Qe4 dxe5 12. Nxe5 Nxe5 13. Qxe5 Qd6 14. Rfe1
Qxe5 15. Rxe5 Bd6 16. Re4 Bf5 17. Re3 O-O 18. g3 Ng6 19. Rae1 Ne7 20. Ne4 Bxe4
21. Rxe4 Nc6 22. f4 b5 23. Bb3 a5 24. c3 Ne7 25. d4 c4 26. Bc2 b4 27. R4e3 Nd5
28. R3e2 bxc3 29. bxc3 Nxc3 30. Re3 Nxa2 31. Be4 Rab8 32. Rb1 Rxb1+ 33. Bxb1
Nb4 34. Re2 c3 35. g4 Rc8 36. Be4 c2 37. Bxc2 Rxc2 38. Rxc2 Nxc2 39. f5 exf5
40. gxf5 Nxd4 41. h4 a4 42. Kf2 a3 43. Ke3 Be5 44. Kd2 a2 45. h5 a1=Q 46. f6
Bxf6 47. Ke3 Qc3+ 48. Ke4 Ne6 49. Kf5 Qf3# 0-1

[Event "Open Loire 2011-2012"]
[Site "LOIRE"]
[Date "2011.11.05"]
[Round "1.16"]
[White "Duffy, Claudine"]
[Black "Pogosian, Gor"]
[Result "0-1"]
[WhiteElo "1499"]
[BlackElo "1199"]
[PlyCount "30"]
[EventDate "2011.??.??"]

1. e4 e5 2. Nf3 Nc6 3. Bc4 Bc5 4. O-O f6 5. Nc3 d6 6. b3 a6 7. Qe2 Nge7 8. d3
b5 9. Bd5 Bd7 10. Nh4 Nxd5 11. exd5 Nd4 12. Qh5+ Kf8 13. Ne4 Nxc2 14. Rb1 Qe8
15. a3 Qxh5 0-1

[Event "Open Loire 2011-2012"]
[Site "LOIRE"]
[Date "2011.11.05"]
[Round "1.17"]
[White "Sabatier, Baptiste"]
[Black "Dugelay, Alain"]
[Result "0-1"]
[WhiteElo "1199"]
[BlackElo "1499"]
[PlyCount "70"]
[EventDate "2011.??.??"]

1. e4 e6 2. Bc4 Nf6 3. Nc3 Bb4 4. Nf3 O-O 5. O-O Nc6 6. d3 e5 7. Bg5 h6 8. Bh4
d6 9. Qe2 Bg4 10. Rad1 Nd4 11. Qe3 Nxc2 12. Qd2 Nd4 13. Qe3 c6 14. Bxf7+ Rxf7
15. Qc1 Bxc3 16. bxc3 Ne2+ 17. Kh1 Nxc1 18. Rxc1 Qa5 19. Ra1 Qxc3 20. Rfc1 Qxd3
21. Ne1 Qxe4 22. f3 Bxf3 23. gxf3 Qxh4 24. Ng2 Qh3 25. Ne3 e4 26. Rab1 Qxf3+
27. Kg1 Qxe3+ 28. Kg2 Ng4 29. Rxb7 Rxb7 30. h3 Qf2+ 31. Kh1 Qf3+ 32. Kg1 Qxh3
33. Rf1 Rf8 34. Rxf8+ Kxf8 35. a4 Rb1# 0-1

[Event "Open Loire 2011-2012"]
[Site "LOIRE"]
[Date "2011.11.05"]
[Round "1.18"]
[White "Fournier, Remy"]
[Black "Laffin, Mickael"]
[Result "1-0"]
[WhiteElo "1499"]
[BlackElo "1120"]
[PlyCount "75"]
[EventDate "2011.??.??"]

1. e4 e5 2. Nf3 Nc6 3. Bc4 Bc5 4. c3 Nf6 5. d4 exd4 6. cxd4 Nxe4 7. O-O Bd6 8.
Re1 O-O 9. Rxe4 Re8 10. Nc3 Bb4 11. Bg5 Be7 12. Rf4 Bxg5 13. Qd2 Bxf4 14. Qxf4
Qe7 15. Ng5 h6 16. Bxf7+ Kf8 17. Bxe8+ Kxe8 18. Nh7 Nb4 19. Kf1 Nc2 20. Nd5 Qf7
21. Qd2 Nxa1 22. Nxc7+ Kd8 23. Nxa8 d6 24. Qc3 Bg4 25. Qb4 Nc2 26. Qxd6+ Ke8
27. Nc7+ Qxc7 28. Qxc7 Bf5 29. Qe5+ Kf7 30. Qxf5+ Kg8 31. d5 Nd4 32. Qe5 Kxh7
33. Qxd4 Kg8 34. d6 Kf8 35. d7 g6 36. d8=Q+ Kf7 37. Qc7+ Kg8 38. Qf6 1-0

[Event "Open Loire 2011-2012"]
[Site "LOIRE"]
[Date "2011.11.05"]
[Round "1.19"]
[White "Lempereur, Theo"]
[Black "Pradel, Philippe"]
[Result "0-1"]
[WhiteElo "1099"]
[BlackElo "1499"]
[PlyCount "76"]
[EventDate "2011.??.??"]

1. e4 d6 2. d4 Nf6 3. Nc3 Nbd7 4. Nf3 e5 5. d5 Be7 6. Bb5 O-O 7. Bxd7 Bxd7 8.
Bg5 h6 9. Bxf6 Bxf6 10. O-O Bg4 11. Nb5 a6 12. Nc3 Be7 13. a4 f5 14. exf5 Rxf5
15. Qd3 Qf8 16. Rae1 Bxf3 17. Re3 Bh5 18. Ne4 Bh4 19. Rh3 Rf4 20. g3 Rf3 21.
Qd2 Bxg3 22. Nxg3 Bg6 23. Qe2 Qf4 24. c4 Rf8 25. b4 Bd3 26. Nh5 Qg4+ 27. Rg3
Qxh5 28. Qe1 Bxf1 29. Qxf1 Qf5 30. Rg2 Rd3 31. c5 Rb3 32. h4 Rb1 33. Qxb1 Qxb1+
34. Kh2 Qxb4 35. cxd6 Qxd6 36. Kh3 Qxd5 37. Rg3 Rf4 38. h5 Qh1# 0-1

[Event "Open Loire 2011-2012"]
[Site "LOIRE"]
[Date "2011.11.05"]
[Round "1.20"]
[White "Sueur, Raphael"]
[Black "Poyet, Louis"]
[Result "1-0"]
[WhiteElo "1499"]
[BlackElo "1099"]
[PlyCount "53"]
[EventDate "2011.??.??"]

1. e4 e5 2. Nf3 Nc6 3. d4 exd4 4. Nxd4 Nxd4 5. Qxd4 Nf6 6. Nc3 b6 7. Bf4 Bc5 8.
Qe5+ Qe7 9. Qxe7+ Bxe7 10. Bxc7 Bb7 11. Bd3 O-O 12. O-O Rac8 13. Bg3 Bb4 14.
Be5 Ng4 15. Bd4 Rfe8 16. a3 Bxc3 17. Bxc3 Bxe4 18. Bxe4 Rxe4 19. f3 Re2 20.
fxg4 Rxc2 21. Rac1 Re2 22. Rfe1 Rce8 23. Rxe2 Rxe2 24. Bb4 a5 25. Bd6 Re6 26.
Rc8+ Re8 27. Rxe8# 1-0

[Event "Open Loire 2011-2012"]
[Site "LOIRE"]
[Date "2011.11.05"]
[Round "1.21"]
[White "Choquelle, Jean"]
[Black "Ben Habchi, Nordine"]
[Result "0-1"]
[WhiteElo "1090"]
[BlackElo "1490"]
[PlyCount "60"]
[EventDate "2011.??.??"]

1. c4 Nc6 2. Nc3 d6 3. g3 e5 4. Bg2 Nf6 5. d3 Bg4 6. f3 Bh5 7. e4 Nd4 8. g4 Bg6
9. Bd2 Be7 10. Nd5 c6 11. Ne3 O-O 12. Nf5 Bxf5 13. exf5 Nd7 14. Ne2 Bh4+ 15.
Ng3 Nc5 16. Be3 b5 17. b3 Na6 18. Qd2 c5 19. Rc1 Nb4 20. O-O Bxg3 21. hxg3 Qb6
22. f4 Rad8 23. f6 gxf6 24. f5 Kh8 25. Bh3 d5 26. Bh6 Rg8 27. Rfe1 Nf3+ 28. Kg2
Nxd2 29. Re3 d4 30. Re2 Nxd3 0-1

[Event "Open Loire 2011-2012"]
[Site "LOIRE"]
[Date "2011.11.05"]
[Round "2.1"]
[White "Frey, Thierry"]
[Black "Megnot, Philippe"]
[Result "1-0"]
[WhiteElo "1860"]
[BlackElo "1500"]
[PlyCount "49"]
[EventDate "2011.??.??"]

1. e4 e5 2. Nf3 Nc6 3. Bb5 Nd4 4. Nc3 Nxb5 5. Nxb5 d6 6. O-O Nf6 7. d3 Bg4 8.
c4 Be7 9. Be3 a6 10. Nc3 c5 11. h3 Bh5 12. Qa4+ Nd7 13. Nh2 O-O 14. Nd5 f5 15.
exf5 Rxf5 16. g4 Bxg4 17. hxg4 Rf7 18. Qc2 Nf8 19. f4 Ne6 20. fxe5 Rxf1+ 21.
Rxf1 dxe5 22. Qf2 Ng5 23. Nxe7+ Qxe7 24. Bxg5 Qxg5 25. Qf7+ 1-0

[Event "Open Loire 2011-2012"]
[Site "LOIRE"]
[Date "2011.11.05"]
[Round "2.2"]
[White "Dugelay, Alain"]
[Black "Buisine, Roman"]
[Result "0-1"]
[WhiteElo "1499"]
[BlackElo "1693"]
[PlyCount "34"]
[EventDate "2011.??.??"]

1. e4 c5 2. Bc4 d6 3. Nf3 Nf6 4. e5 dxe5 5. Nxe5 e6 6. O-O Bd6 7. Re1 Qc7 8.
Bb5+ Bd7 9. Nc3 Bxe5 10. g3 Bxc3 11. a4 Be5 12. d3 a6 13. d4 Bxd4 14. Be3 axb5
15. Bxd4 cxd4 16. Qxd4 Rxa4 17. Rxa4 bxa4 0-1

[Event "Open Loire 2011-2012"]
[Site "LOIRE"]
[Date "2011.11.05"]
[Round "2.3"]
[White "Mazet, Christian"]
[Black "Fournier, Remy"]
[Result "1-0"]
[WhiteElo "1630"]
[BlackElo "1499"]
[PlyCount "63"]
[EventDate "2011.??.??"]

1. d4 d5 2. c4 c6 3. cxd5 cxd5 4. Nf3 Nf6 5. e3 Nc6 6. Bb5 Bd7 7. O-O e6 8. a3
Be7 9. b4 O-O 10. Bb2 a6 11. Ba4 b5 12. Bc2 Qc7 13. Nbd2 Bd6 14. e4 dxe4 15.
Nxe4 Ng4 16. Nxd6 Qxd6 17. Qd3 g6 18. Rfe1 Ne7 19. h3 Nf6 20. Ne5 Rfd8 21. Rad1
Rac8 22. Bb3 Bc6 23. Nxf7 Kxf7 24. Rxe6 Be4 25. Rxd6+ Ke8 26. Rxd8+ Kxd8 27.
Qg3 Kd7 28. Qe5 Rc6 29. a4 Re6 30. Qxe6+ Kd8 31. Qxf6 Bc6 32. Re1 1-0

[Event "Open Loire 2011-2012"]
[Site "LOIRE"]
[Date "2011.11.05"]
[Round "2.4"]
[White "Pradel, Philippe"]
[Black "Carteron, Olivier"]
[Result "0-1"]
[WhiteElo "1499"]
[BlackElo "1600"]
[PlyCount "80"]
[EventDate "2011.??.??"]

1. d4 d5 2. c4 c6 3. e3 Bf5 4. Nc3 e6 5. Nf3 Nf6 6. Bd3 Bxd3 7. Qxd3 Bb4 8. Bd2
O-O 9. O-O Re8 10. a3 Bd6 11. c5 Bc7 12. h3 Nbd7 13. Rfe1 e5 14. dxe5 Nxe5 15.
Nxe5 Bxe5 16. Rab1 d4 17. exd4 Bxd4 18. Be3 Be5 19. Qxd8 Raxd8 20. Rbc1 Nd5 21.
Bd2 Nc7 22. Be3 Rd3 23. Na4 Rb3 24. g3 Rd8 25. f4 Bf6 26. Rb1 Nd5 27. Kf2 Nxe3
28. Rxe3 Bd4 29. Rbe1 Re8 30. Nc3 Rxb2+ 31. Kf3 Rxe3+ 32. Rxe3 Bxe3 33. Nd1 Rb3
34. Nxe3 Rxa3 35. Ke4 Rc3 36. Kd4 Rc1 37. Nf5 a5 38. Ne7+ Kf8 39. Nc8 a4 40.
Nb6 a3 0-1

[Event "Open Loire 2011-2012"]
[Site "LOIRE"]
[Date "2011.11.05"]
[Round "2.5"]
[White "Joly, Christian"]
[Black "Sueur, Raphael"]
[Result "1-0"]
[WhiteElo "1580"]
[BlackElo "1499"]
[PlyCount "109"]
[EventDate "2011.??.??"]

1. d4 d5 2. Nf3 Nf6 3. e3 Nc6 4. c4 e6 5. b3 Bb4+ 6. Bd2 O-O 7. Bd3 Qe7 8. O-O
e5 9. dxe5 Bxd2 10. exf6 Qxf6 11. Nbxd2 Be6 12. a3 Rad8 13. Qc2 g6 14. Rad1 Ne7
15. Rfe1 c6 16. e4 d4 17. e5 Qg7 18. Ne4 Nf5 19. Nc5 b6 20. Nxe6 fxe6 21. Ng5
Qe7 22. f4 Ne3 23. Qc1 Nxd1 24. Rxd1 a6 25. b4 Kg7 26. Rf1 h6 27. Ne4 Rf7 28.
Nd6 Rxd6 29. exd6 Qxd6 30. g3 b5 31. c5 Qd5 32. Qd1 Qa2 33. Qa1 Qxa1 34. Rxa1
g5 35. fxg5 hxg5 36. Rf1 Re7 37. Kg2 e5 38. Be4 Re6 39. Rf5 Kh6 40. g4 d3 41.
Bxd3 e4 42. Be2 e3 43. Kf3 Kg6 44. Rf8 Kg7 45. Ra8 Rh6 46. Kg3 Kf6 47. Rxa6 Ke5
48. Bf3 Kd4 49. Rxc6 Rh8 50. Be2 Rf8 51. Rd6+ Kc3 52. Rd3+ Kc2 53. Rxe3 Kd2 54.
Rf3 Re8 55. Bxb5 1-0

[Event "Open Loire 2011-2012"]
[Site "LOIRE"]
[Date "2011.11.05"]
[Round "2.6"]
[White "Ben Habchi, Nordine"]
[Black "Liogier, Pascal"]
[Result "0-1"]
[WhiteElo "1490"]
[BlackElo "1580"]
[PlyCount "66"]
[EventDate "2011.??.??"]

1. e4 c6 2. d4 d5 3. Nc3 dxe4 4. Nxe4 Bf5 5. Ng3 h6 6. Nxf5 Qa5+ 7. Bd2 Qxf5 8.
Nf3 Nf6 9. Bc4 Na6 10. Ne5 e6 11. Bxa6 bxa6 12. Nxc6 Qe4+ 13. Be3 Qxc6 14. O-O
Rc8 15. c3 Nd5 16. Rc1 Bd6 17. Qd2 Nf6 18. h3 Ne4 19. Qd3 Ng5 20. d5 exd5 21.
Qd4 Ne6 22. Qg4 h5 23. Qe2 Qc4 24. Qf3 Bf4 25. Bxf4 Qxf4 26. Qxd5 g6 27. Rfe1
O-O 28. Re4 Qxc1+ 29. Kh2 Nf4 30. Qa5 h4 31. Qg5 Rce8 32. f3 Rxe4 33. fxe4 Ne2
0-1

[Event "Open Loire 2011-2012"]
[Site "LOIRE"]
[Date "2011.11.05"]
[Round "2.8"]
[White "Moleins, Jean-Pierre"]
[Black "Jandeau, Cyril"]
[Result "1-0"]
[WhiteElo "1570"]
[BlackElo "1440"]
[PlyCount "41"]
[EventDate "2011.??.??"]

1. e4 b6 2. Bc4 Bb7 3. d3 e6 4. Ne2 Nf6 5. O-O c5 6. Bf4 d5 7. Bb5+ Nc6 8. exd5
Nxd5 9. c4 Nxf4 10. Nxf4 Bd6 11. Nh5 Qg5 12. Qf3 Rc8 13. Nd2 Qxd2 14. Nxg7+ Ke7
15. Rfe1 Qh6 16. Nf5+ Kf8 17. Nxh6 Rc7 18. Qf6 Rg8 19. Nxg8 Kxg8 20. Bxc6 Bxc6
21. Qd8+ 1-0

[Event "Open Loire 2011-2012"]
[Site "LOIRE"]
[Date "2011.11.05"]
[Round "2.9"]
[White "Allabrune, Guillaume"]
[Black "Mialon, Franck"]
[Result "0-1"]
[WhiteElo "1520"]
[BlackElo "1320"]
[PlyCount "56"]
[EventDate "2011.??.??"]

1. e4 e5 2. Nf3 Nc6 3. Bc4 Nf6 4. Ng5 Bc5 5. Bxf7+ Kf8 6. Bd5 Nxd5 7. exd5 Qxg5
8. Qf3+ Kg8 9. dxc6 dxc6 10. O-O Bg4 11. Qb3+ Kf8 12. d4 Qg6 13. dxc5 Rd8 14.
Qg3 Qh5 15. Nc3 Kf7 16. h3 Bd7 17. Qf3+ Qxf3 18. gxf3 Bxh3 19. Rd1 h6 20. Be3
g5 21. Rxd8 Rxd8 22. Rd1 Rg8 23. Kh2 Bf5 24. Ne4 g4 25. Kg3 gxf3+ 26. Kxf3 Bg4+
27. Kg3 Bxd1+ 28. Kh4 Rg4+ 0-1

[Event "Open Loire 2011-2012"]
[Site "LOIRE"]
[Date "2011.11.05"]
[Round "2.10"]
[White "Pogosian, Gor"]
[Black "Buisson, Sebastien"]
[Result "0-1"]
[WhiteElo "1199"]
[BlackElo "1520"]
[PlyCount "40"]
[EventDate "2011.??.??"]

1. e4 c5 2. d3 Nc6 3. Nc3 g6 4. Be3 d6 5. Nf3 Bg7 6. d4 cxd4 7. Nxd4 Nf6 8. Bb5
Bd7 9. Bxc6 bxc6 10. O-O O-O 11. b4 Ng4 12. g3 Nxe3 13. fxe3 Qb6 14. Na4 Qxb4
15. c3 Qa5 16. Qb3 Rab8 17. Qc2 c5 18. Ne2 Bxa4 19. Qd3 Rb2 20. Rfb1 Bc2 0-1

[Event "Open Loire 2011-2012"]
[Site "LOIRE"]
[Date "2011.11.05"]
[Round "2.11"]
[White "Boeuf, Jeremy"]
[Black "Schlick, Paul"]
[Result "0-1"]
[WhiteElo "1578"]
[BlackElo "1620"]
[PlyCount "73"]
[EventDate "2011.??.??"]

1. e4 e5 2. f4 Nc6 3. Nf3 exf4 4. Bb5 Bc5 5. d4 Bb6 6. Bxf4 Qf6 7. Be3 Nge7 8.
O-O O-O 9. Nc3 d6 10. Ne5 Qh4 11. Nxc6 Nxc6 12. Rf4 Qe7 13. Qd2 Bd7 14. a3 a6
15. Ba4 Na5 16. Nd5 Qe6 17. Nxb6 cxb6 18. Bxd7 Qxd7 19. b3 Nc6 20. d5 Ne5 21.
Bxb6 Qb5 22. Bd4 Rfe8 23. Re1 f6 24. a4 Qd7 25. Rf5 Rac8 26. Bxe5 Rxe5 27. Rxe5
fxe5 28. c4 Qg4 29. Qd3 b6 30. b4 Qd7 31. Qb3 Qa7 32. Rc1 b5+ 33. Kh1 bxc4 34.
Rxc4 Rf8 35. Rc1 Qf2 36. Qd1 Qb2 37. Rc2 0-1

[Event "Open Loire 2011-2012"]
[Site "LOIRE"]
[Date "2011.11.05"]
[Round "2.12"]
[White "Doran, Niall"]
[Black "Rasle, Corentin"]
[Result "1-0"]
[WhiteElo "1611"]
[BlackElo "1400"]
[PlyCount "57"]
[EventDate "2011.??.??"]

1. e4 e6 2. d4 d5 3. Nc3 Bb4 4. exd5 exd5 5. Qf3 c6 6. Bd3 Nf6 7. h3 Be6 8. Bg5
Nbd7 9. Nge2 h6 10. Bd2 Qb6 11. O-O Bxc3 12. bxc3 c5 13. Rab1 Qc7 14. Bf4 Qc8
15. dxc5 Nxc5 16. Bb5+ Nfd7 17. Qg3 a6 18. Bxd7+ Qxd7 19. Rb6 g5 20. Bd6 Ne4
21. Qh2 Rd8 22. Ba3 h5 23. Rfb1 h4 24. Rxb7 Qa4 25. Qe5 Rg8 26. R1b3 Nd6 27.
Bxd6 Rxd6 28. Qxd6 Bd7 29. Rb8+ 1-0